000 00639nam a2200241Ia 4500
003 OSt
005 20221005131157.0
006 a|||||r|||| 00| 0
007 ta
008 221004b |||||||| |||| 00| 0 mal d
024 _a46053
037 _cTextual
040 _aCRL
_cCRL
_bmal
041 _2mal
_amal
082 _aO32,6wN03, K3
100 _aNair P.K.Parameswaran Au.
_9611476
245 0 _aShastia bdapoorthi upaharam
260 _c1963
300 _a248p.
_ccm.
650 _aMALAYALAM LITERATURE
_938866
942 _hO32,6wN03, K3
_cTEXL
_2cc
999 _c1059561
_d1059561